Breve Dicionário de Autores Portugueses (Registo nº 911)

Detalhes MARC
000 -Etiqueta do registo
Cabeçalho 00801cam0a2200301 i 4500
005 - Identificador da versão
Campo de controlo 20240813121818.0
021 ## - Número do Depósito Legal
Código do país PT
Número 8805/85
035 ## - Other System Control Numbers
System Control Number 0000973
System Control Number 0000958
100 ## - Dados gerais de processamento
Dados gerais de processamento 20091026d m y0pory5003 ba
102 ## - Pais de publicação ou produção
País de publicação Portugal
101 0# - Língua de publicação
Língua do texto, banda sonora, etc. Português
Língua do documento no original Português
106 ## - Campo de dados codificados: material textual
Dados codificados do material textual r
105 ## - Campo de dados codificados: livros
Dados codificados dos livros a z 001yy
215 ## - Descrição física 
Indicação específica da natureza do documento e extensão da espécie p. 385
Dimensões cm
200 1# - Titulo e menção de responsabilidade
Título próprio Breve Dicionário de Autores Portugueses
Primeira menção de responsabilidade António Manuel Couto Viana
Outras menções de responsabilidade il. Júlio Gil
205 ## - Menção da edição
Menção da edição ª ed
210 ## - Publicação, Distribuição, etc. 
Lugar da edição, distribuição, etc. Lisboa
Nome do editor, distribuidor, etc. Verbo
Data da publicação, distribuição, etc. 1985
304 ## - Notas relativas a título e menção de responsabilidade 
Texto da nota Tít. orig.:
606 ## - Nome comum usado como assunto
Número de registo de entrada de autoridade 0001190
Palavra de ordem Autores portugueses
Subdivisão de assunto Biobibliografias
675 ## - Classificação Decimal Universal (CDU)
Notação 869.0 A/Z (03)
Edição BN
Língua da edição por
700 #1 - Nome de autor-pessoa física (responsabilidade principal)
Número de registo de entrada de autoridade 0001192
Palavra de ordem Viana
Outra parte do nome não tomada para palavra de ordem António Manuel Couto
942 ## - Elementos de entrada adicionados (Koha)
Tipo de item no Koha Livro
Exemplares
Situação do levantamento Origin of item (home branch) (coded) Biblioteca de empréstimo Código de barras Cota Circulation type (not for loan) Tipo de documento Nota do exemplar Damaged status
  Biblioteca Escolar Eng. Nuno Mergulhão Biblioteca Escolar Eng. Nuno Mergulhão BENM183 869.0 VIA   Livro Sem mensagem  
  Biblioteca Escolar Eng. Nuno Mergulhão Biblioteca Escolar Eng. Nuno Mergulhão BENM2123 869 VIA   Cativo Sem mensagem